000 00395pab a2200157 454500
008 180718b2007 xxu||||| |||| 00| 0 eng d
100 _aMishra, B.K.
245 _aCorporate quota for the socially disadvantaged the elusive consensus
260 _c2007
300 _ap.273-84.
362 _aJul-Sep
650 _aBackward classes
773 _aSocial Action
908 _aN
909 _a75228
999 _c75228
_d75228